000
00419nam a2200133Ia 4500
008
100328s9999 xx 000 0 und d
082
_b
70915
100
_a
पुरंदरे माधुरी
245
_a
हॅनाची सुटकेस
260
_b
ज्योत्न्सा
630
_a
हॅनाची सुटकेस
730
_a
हॅनाची सुटकेस
942
_c
BOOK
999
_c
556640
_d
556637